| 000 | 00500nam a2200097Ia 4500 | ||
|---|---|---|---|
| 008 | 180130s9999 xx 000 0 und d | ||
| 245 |
_cKalsched, Donald E.; Sieff, Daniela F. _aUncovering the secrets of the traumatised psyche: the life-saving inner protector who is also a persecutor |
||
| 260 | _c2015 | ||
| 300 | _aBook title: Understanding and healing emotional trauma : conversations with pioneering clinicians and researchers--Acession number C20254; pages 11 - 24 | ||
| 650 | _aPSYCHOLOGICAL STRESS | ||
| 999 |
_c354067 _d354067 |
||